000 00648nam a2200181Ia 4500
005 20250923145126.0
008 008 250917s9999 xx 000 0 eng d
037 _aTextual
040 _aDSWL
_beng
_cDSWL
041 _aeng
_2eng
084 _aY9(L82:4):5.23696'N67t4, N68
_qDSWL
100 _aGanguli, Jayasri
_9832021
245 0 _aMedico-Social study of the orthopedic ally handicapped patients in brown memorial hospital Ludhiana
_cby Jayasri Ganguli
260 _aDelhi
_bSchool of Social Work
_c1968
300 _a46 p.
942 _cTEXL
_hY9(L82:4):5.23696'N67t4, N68
999 _c1447464
_d1447464